Deliberative Democracy (Record no. 25405)
[ view plain ]
| 000 -LEADER | |
|---|---|
| fixed length control field | 02097nam a22001697a 4500 |
| 020 ## - INTERNATIONAL STANDARD BOOK NUMBER | |
| ISBN | 9789350981832 |
| 082 ## - DEWEY DECIMAL CLASSIFICATION NUMBER | |
| Classification number | 320.954 |
| Item number | DEL- |
| 245 ## - TITLE STATEMENT | |
| Title | Deliberative Democracy |
| Sub Title | : Understanding the Indian Experience |
| 260 ## - PUBLICATION, DISTRIBUTION, ETC. (IMPRINT) | |
| Place of publication | New Delhi , |
| Name of publisher | Manohar Publishers & Distributors |
| Year of publication | 2018 |
| 300 ## - PHYSICAL DESCRIPTION | |
| Number of Pages | 249p. |
| 520 ## - SUMMARY, ETC. | |
| Summary, etc | Deliberative democracy can be seen as a part of the agenda of deepening democracy, wherein the public deliberation of citizens forms the basis of legitimate decision-making, with the people participating directly in the deliberations or making of decisions that affect them. Although political theorists have long contended that democracy should not be based merely on voting but also on informed public debate and despite diverse attempts at deliberative democracy having been made in various parts of the world, it is only during the recent decades that such initiatives have gained momentum.<br/>In terms of procedural democracy and the working of democratic institutions, India’s record is considered to be noteworthy. However, questions relating to deliberative democracy have come to the fore, particularly in recent years, with questions of inclusion and equality posing major challenges. The essays in this volume address various dimensions of the issue, ranging from a theoretical conceptualization of deliberative democracy to its role in constitution-making, Gandhian contributions to deliberative democracy, civil society interventions and the role of the media in deliberative processes in India, the participation of new social movements, Dalit and ecological movements, as well as the intricacies of deliberation and decentralization, and issues of development, marginalization and mobilization. The volume facilitates an understanding of the broad contours and evolving nature of democracy in India and how the Indian experience can inform larger debates on deliberative democracy. |
| 546 ## - LANGUAGE NOTE | |
| Language note | English |
| 650 ## - SUBJECT ADDED ENTRY--TOPICAL TERM | |
| Topical Term | Politics and Government |
| Form subdivision | Democracy |
| -- | Deliberative Democracy |
| Geographic subdivision | India |
| 700 ## - ADDED ENTRY--PERSONAL NAME | |
| Personal name | Joseph,Teresa |
| 700 ## - ADDED ENTRY--PERSONAL NAME | |
| Personal name | Joseph,Siby K. |
| 942 ## - ADDED ENTRY ELEMENTS (KOHA) | |
| Source of classification or shelving scheme | Dewey Decimal Classification |
| Koha item type | Books |
| Withdrawn status | Lost status | Damaged status | Not for loan | Home library | Current library | Date acquired | Source of acquisition | Bill Date | Full call number | Accession Number | Price effective from | Koha item type |
|---|---|---|---|---|---|---|---|---|---|---|---|---|
| NASSDOC Library | NASSDOC Library | 25/03/2019 | OP | 25/03/2019 | 320.954 DEL- | 50197 | 25/03/2019 | Books |
